Self-evaluation instrument--electric utility industry /

Bibliographic Details
Corporate Author: National Institute for Occupational Safety and Health. Division of Technical Services
Other Authors: Rentos, P. G.
Format: Government Document Book
Language:English
Published: Cincinnati, Ohio : Dept. of Health, Education, and Welfare, Public Health Service, Center for Disease Control, National Institute for Occupational Safety and Health, Division of Technical Services, 1978.
Series:DHEW publication ; no. (NIOSH) 78-202.
Subjects:

MARC

Tag First Indicator Second Indicator Subfields
LEADER 00000cam a2200000 i 4500
001 in00000805913
005 20151017092150.0
008 790120s1978 ohu f00010 eng d
010 |a gp 79008062  
010 |a  78600124  
020 |c pbk. 
035 |a (OCoLC)04572184 
035 |9 ADS7182AM 
037 |b 45226 
040 |a GPO  |c GPO  |d MvI-itm  |d UtOrBLW 
043 |a n-us--- 
074 |a 499-F-2 
086 |a HE 20.7102:El 2/2 
110 2 |a National Institute for Occupational Safety and Health.  |b Division of Technical Services. 
245 1 0 |a Self-evaluation instrument--electric utility industry /  |c P. G. Rentos [and others]. 
264 1 |a Cincinnati, Ohio :  |b Dept. of Health, Education, and Welfare, Public Health Service, Center for Disease Control, National Institute for Occupational Safety and Health, Division of Technical Services,  |c 1978. 
300 |a ix, 105 pages ;  |c 28 cm. 
336 |a text  |b txt  |2 rdacontent 
337 |a unmediated  |b n  |2 rdamedia 
338 |a volume  |b nc  |2 rdacarrier 
490 1 |a DHEW publication ; no. (NIOSH) 78-202 
500 |a October 1978. 
650 0 |a Electric utilities  |x Safety measures. 
700 1 |a Rentos, P. G. 
830 0 |a DHEW publication ;  |v no. (NIOSH) 78-202. 
999 |a MARS 
999 f f |s ce8c56bf-5cbb-3624-bf9c-fe766804fa7c  |i de02ffa9-ff74-3e33-abdc-4a8cde7a9ef9  |t 0 
952 f f |p normal  |a Texas A&M University  |b College Station  |c Sterling C. Evans Library  |d Evans: US Documents (Annex 5th floor)  |t 0  |e HE 20.7102:El 2/2  |h Superintendent of Documents classification  |i unmediated -- volume  |m A14814909970 
998 f f |a HE 20.7102:El 2/2  |t 0  |l Evans: US Documents (Annex 5th floor)